[Event "Tourn. n9815"]
[Site "www.echecsemail.com"]
[Date "2018.05.28"]
[Round "1"]
[White "Andychesston"]
[Black "Bojan"]
[WhiteElo "2080"]
[BlackElo "2040"]
[Result "0-1"]
[Round "1"]
1.e4 d6
2.d4 Ng8f6
3.Nb1c3 h6
4.Bf1c4 a6
5.Bc1f4 Nb8c6
6.a3 e6
7.Ng1f3 d5
8.exd5 exd5
9.Bc4a2 Bc8e6
10.O-O Nf6h5
11.Bf4g3 Nh5xg3
12.fxg3 Bf8d6
13.Ba2xd5 Qd8d7
14.Bd5xc6 Qd7xc6
15.d5 Qc6b6
16.Nf3d4 Be6d7
17.Rf1e1 Kd8
18.b4 a5
19.b5 Bd6c5
20.Re1e4 Rh8e8
21.Nc3a4 Qb6xb5
22.Re4xe8 Kxe8
23.Na4c3 Qb5b6
24.Nc3e2 Bd7g4
25.Kh1 Bc5xd4
26.Qd1xd4 Qb6xd4
27.Ne2xd4 Kd7
28.h3 Bg4h5
29.g4 Bh5g6
30.c4 Ra8e8
31.Nd4f3 Kd6
32.Ra1e1 Re8xe1
33.Nf3xe1 Kc5
34.h4 Kxc4
35.h5 Bg6e4
36.d6 cxd6
37.Ne1f3 Kc3
38.Kh2 f6
39.Nf3h4 Kb3
40.Nh4f5 Be4xf5
41.gxf5 Kxa3
42.g4 b5
43.g5 fxg5
44.Kg3 b4
45.Kf3 b3
46.Ke4 b2
47.Kd5 b1Q
48.Ke6 Qb1b2
49.Kf7 Qb2f6
{ resign }
0-1

[Event "Tourn. n9830"]
[Site "www.echecsemail.com"]
[Date "2018.05.28"]
[Round "1"]
[White "Tonino1"]
[Black "Mitja"]
[WhiteElo "2130"]
[BlackElo "1990"]
[Result "1-0"]
[Round "1"]
1.d4 d5
2.f4 e6
3.e3 c6
4.Bf1d3 Ng8f6
5.Ng1f3 h6
6.O-O b6
7.Qd1e2 Bc8b7
8.Nb1d2 Bf8e7
9.c3 Qd8c7
10.Nf3e5 Nb8d7
11.g4 Nd7xe5
12.fxe5 Nf6d7
13.Qe2f2 Rh8f8
14.h4 O-O-O
15.e4 f6
16.exd5 cxd5
17.exf6 Rf8xf6
18.Nd2f3 Rd8f8
19.Bd3e2 Be7d6
20.Qf2g2 Bd6f4
21.Bc1xf4 Qc7xf4
22.Nf3h2 Qf4d6
23.Rf1xf6 Nd7xf6
24.Ra1f1 Nf6e4
25.Rf1xf8 Qd6xf8
26.Qg2f3 Qf8e7
27.h5 Ne4g5
28.Qf3g3 Ng5e4
29.Qg3f4 Qe7f6
30.Qf4xf6 Ne4xf6
31.Kg2 Nf6e4
32.Kf3 Kd7
33.Kf4 Kd6
34.Nh2f3 Bb7c8
35.Be2d3 Ne4f6
36.g5 Nf6xh5
37.Kg4 Nh5f6
38.gxf6 gxf6
39.Kh5 e5
40.Nf3h4 e4
41.Bd3e2 f5
42.Nh4g6 Ke6
43.Ng6f4 Kd6
44.Kxh6 a5
45.Kg5 Bc8d7
46.Be2h5 b5
47.Bh5g6 b4
48.cxb4 axb4
49.Bg6xf5 Bd7b5
50.Kf6 Bb5c4
51.b3 Bc4b5
52.Nf4g2 Bb5f1
53.Ng2e3 Bf1b5
54.Bf5e6 Bb5c6
55.Ne3f5 Kc7
56.Ke5 { resign }
1-0

[Event "Tourn. n9784"]
[Site "www.chess-mail.com"]
[Date "2018.05.29"]
[Round "1"]
[White "Julian"]
[Black "Osopanda"]
[WhiteElo "1870"]
[BlackElo "1870"]
[Result "1/2-1/2"]
[Round "1"]
1.e4 e5
2.Ng1f3 Nb8c6
3.Bf1b5 d6
4.d4 exd4
5.Nf3xd4 Bc8d7
6.O-O Nc6xd4
7.Bb5xd7 Qd8xd7
8.Qd1xd4 Ng8f6
9.Nb1c3 Bf8e7
10.Bc1g5 O-O
11.Ra1d1 Ra8e8
12.f4 Be7d8
13.Rf1e1 Qd7c6
14.Nc3d5 Nf6xd5
15.exd5 Re8xe1
16.Rd1xe1 Qc6c5
17.Qd4xc5 dxc5
18.Bg5xd8 Rf8xd8
19.c4 c6
20.Re1e7 cxd5
21.cxd5 Kf8
22.Re7xb7 Rd8xd5
23.Rb7xa7 Rd5d1
24.Kf2 Rd1d2
25.Kf3 Rd2xb2
26.h4 c4
27.g4 c3
28.Ke4 c2
29.Ra7c7 Rb2xa2
30.Ke5 Ra2a5
31.Kd6 Ra5a8
32.f5 Ra8d8
33.Ke5 Rd8e8
34.Kd4 Re8d8
35.Ke5 Rd8e8
{ draw }
1/2-1/2

[Event "Tourn. n9746"]
[Site "www.chess-mail.com"]
[Date "2018.05.29"]
[Round "1"]
[White "Azulmarino"]
[Black "Cal"]
[WhiteElo "1610"]
[BlackElo "1530"]
[Result "0-1"]
[Round "1"]
1.e4 e5
2.Ng1f3 d6
3.Bf1c4 h6
4.d4 Bc8g4
5.h3 Bg4h5
6.O-O Ng8f6
7.Nb1c3 exd4
8.Nc3e2 Nf6xe4
9.Qd1xd4 Bf8e7
10.Qd4xg7 Rh8f8
11.Qg7xh6 Bh5xf3
12.gxf3 Ne4f6
13.Qh6g7 Nb8c6
14.Ne2f4 a6
15.Rf1e1 Nc6e5
16.Nf4e6 Qd8d7
17.Bc4e2 Qd7xe6
18.Bc1e3 c5
19.Be2f1 O-O-O
20.Bf1g2 Nf6h5
21.Qg7h6 Rf8h8
22.Qh6xe6 fxe6
23.b3 Rd8g8
24.c4 Ne5xf3
25.Kf1 Nf3xe1
26.Ra1xe1 Be7h4
27.Re1d1 Nh5f6
28.Be3f4 e5
29.Bf4d2 e4
30.Bd2a5 Kd7
31.Ba5c3 Rh8h6
32.b4 Nf6h5
33.Bg2xe4 Nh5f4
34.Be4f5 Kc7
35.bxc5 dxc5
36.Bc3a5 Kb8
37.Ba5b6 Rh6xb6
38.Rd1e1 Rb6b2
39.Re1e4 Rb2b1
40.Re4e1 Rg8g1
41.Kxg1 Rb1xe1
42.Kh2 Bh4xf2
43.h4 Bf2xh4
44.Bf5h3 Re1e2
{ resign }
0-1

[Event "Match"]
[Site "www.echecsemail.com"]
[Date "2018.05.29"]
[Round "1"]
[White "Gambitmiau"]
[Black "Karlgrocer"]
[WhiteElo "1970"]
[BlackElo "2010"]
[Result "1-0"]
[Round "1"]
1.e4 c5
2.Bf1c4 e6
3.Ng1f3 d6
4.d4 cxd4
5.Nf3xd4 Ng8f6
6.f3 Bf8e7
7.Bc1g5 O-O
8.O-O a6
9.Nb1c3 b5
10.Bc4e2 Bc8b7
11.Bg5xf6 Be7xf6
12.f4 e5
13.Nd4f5 Qd8b6
14.Kh1 exf4
15.Rf1xf4 Bf6e5
16.Rf4g4 Nb8d7
17.Nc3d5 Bb7xd5
18.exd5 Be5xb2
19.Ra1b1 Bb2e5
20.c4 g6
21.cxb5 Kh8
22.bxa6 Qb6c7
23.Rg4c4 Qc7d8
24.Nf5d4 Be5xd4
25.Qd1xd4 Kg8
26.Rc4c6 Nd7e5
27.Rc6b6 f6
28.Qd4b4 Ne5f7
29.Rb6b7 Nf7e5
30.Rb1c1 Ra8b8
31.a7 Rb8a8
32.Rc1c7 { resign }
1-0

[Event "Match"]
[Site "www.echecsemail.com"]
[Date "2018.05.29"]
[Round "1"]
[White "Nimzo"]
[Black "Vgrynyuk"]
[WhiteElo "2850"]
[BlackElo "2770"]
[Result "1/2-1/2"]
[Round "1"]
1.d4 d5
2.c4 c6
3.Ng1f3 Ng8f6
4.e3 e6
5.b3 Nb8d7
6.Bc1b2 Bf8d6
7.Bf1d3 O-O
8.O-O b6
9.Nb1c3 Bc8b7
10.Qd1c2 Rf8e8
11.Ra1d1 Qd8e7
12.e4 dxe4
13.Nc3xe4 Nf6xe4
14.Bd3xe4 Nd7f6
15.Be4d3 h6
16.Rf1e1 Ra8d8
17.Re1e2 Qe7f8
18.h3 Bb7a8
19.Bb2c3 Ba8b7
20.Nf3d2 c5
21.dxc5 Bd6xc5
22.Bc3xf6 gxf6
23.Bd3h7 Kh8
24.Bh7e4 Bb7xe4
25.Nd2xe4 Bc5e7
26.Re2d2 f5
27.Ne4g3 { draw }
1/2-1/2

[Event "Match"]
[Site "www.echecsemail.com"]
[Date "2018.05.29"]
[Round "1"]
[White "Tonino1"]
[Black "Llord"]
[WhiteElo "2060"]
[BlackElo "1930"]
[Result "1-0"]
[Round "1"]
1.d4 d5
2.f4 Bc8f5
3.e3 Nb8c6
4.c3 Qd8d7
5.Bf1d3 Bf5xd3
6.Qd1xd3 O-O-O
7.Ng1f3 Ng8f6
8.Nb1d2 e6
9.O-O h6
10.Nf3e5 Nc6xe5
11.fxe5 Nf6g4
12.h3 Ng4f6
13.exf6 gxf6
14.Rf1xf6 Qd7e7
15.Qd3f1 Rh8h7
16.e4 Rd8d7
17.e5 Bf8g7
18.Rf6f3 b6
19.a4 Bg7f8
20.Nd2b3 a5
21.Qf1d3 Rh7h8
22.Qd3a6 Kb8
23.Nb3xa5 bxa5
24.Ra1a3 c6
25.Qa6xc6 Rd7c7
26.Ra3b3 Kc8
27.Qc6a8 Kd7
28.Rb3b7 Bf8g7
29.Rb7xc7 Kxc7
30.Qa8xa5 Kd7
31.Qa5a7 Ke8
32.Qa7xe7 Kxe7
33.b4 Rh8a8
34.a5 f5
35.exf6 Bg7xf6
36.Bc1xh6 Ra8c8
37.g4 Rc8g8
38.Kf1 Rg8c8
39.g5 { resign }
1-0

[Event "Tourn. n9821"]
[Site "www.echecsemail.com"]
[Date "2018.05.29"]
[Round "1"]
[White "Tonino1"]
[Black "Attatroll"]
[WhiteElo "2060"]
[BlackElo "2030"]
[Result "1-0"]
[Round "1"]
1.d4 Ng8f6
2.g4 Nf6xg4
3.e4 d5
4.e5 Bc8f5
5.Bf1d3 Qd8d7
6.Bd3xf5 Qd7xf5
7.Ng1f3 e6
8.Nb1c3 Bf8b4
9.Bc1d2 c6
10.a3 Bb4a5
11.O-O Qf5h5
12.Nc3xd5 Ba5xd2
13.Nd5c7 Kd7
14.Nc7xa8 Bd2f4
15.Kg2 Ng4xh2
16.Nf3xh2 Qh5xh2
17.Kf3 g5
18.Rf1h1 g4
19.Ke2 Qh2g2
20.Rh1g1 Qg2f3
21.Ke1 Nb8a6
22.Qd1xf3 gxf3
23.Rg1g4 Bf4h6
24.Rg4h4 Bh6g5
25.Rh4h3 Rh8xa8
26.Rh3xh7 Ke7
27.Ra1d1 Na6c7
28.Rd1d3 Nc7b5
29.Rd3xf3 Nb5xd4
30.Rh7xf7 Kd8
31.Rf7f8 Kc7
32.Rf3f7 Kb6
33.Rf8xa8 Nd4xc2
34.Kd1 Nc2d4
35.Ra8b8 { resign }
1-0

[Event "Match"]
[Site "www.echecsemail.com"]
[Date "2018.05.29"]
[Round "1"]
[White "Hundegana"]
[Black "Stevep84"]
[WhiteElo "2060"]
[BlackElo "2240"]
[Result "0-1"]
[Round "1"]
1.e4 c6
2.d4 d5
3.exd5 cxd5
4.Qd1f3 Ng8f6
5.h3 Nb8c6
6.Bf1b5 Bc8d7
7.Ng1e2 e6
8.Bb5xc6 Bd7xc6
9.O-O Bf8d6
10.Bc1f4 O-O
11.Bf4xd6 Qd8xd6
12.c3 Nf6e4
13.a4 f6
14.Ne2g3 Ne4g5
15.Qf3e2 e5
16.Ng3f5 Qd6e6
17.Qe2g4 h5
18.Qg4xh5 Qe6xf5
19.Nb1d2 Bc6e8
20.Qh5e2 e4
21.f4 Ng5f7
22.g4 Qf5c8
23.b4 a6
24.Rf1c1 b5
25.a5 Nf7d6
26.Kg2 Be8c6
27.Rc1h1 Nd6c4
28.Nd2xc4 dxc4
29.Kg3 g5
30.Rh1f1 Qc8c7
31.Ra1d1 Bc6d5
32.Qe2e3 Kg7
33.Rd1d2 Rf8h8
34.Rd2h2 Ra8f8
35.h4 Kg6
36.h5 Kh6
37.Kh3 Rh8g8
38.Rh2f2 Qc7e7
39.fxg5 fxg5
40.Rf2xf8 Rg8xf8
41.Rf1xf8 Qe7xf8
42.Kg3 Qf8d6
43.Kh3 Qd6f4
44.Qe3xf4 gxf4
45.Kh4 e3
46.g5 Kg7
47.h6 Kg6
48.Kg4 e2
49.Kxf4 e1Q
50.Kg4 Qe1g1
51.Kf4 Qg1xg5
{ resign }
0-1

[Event "Tourn. n9685"]
[Site "www.chess-mail.com"]
[Date "2018.05.30"]
[Round "1"]
[White "Passaroa25"]
[Black "Cal"]
[WhiteElo "1670"]
[BlackElo "1580"]
[Result "0-1"]
[Round "1"]
1.Nb1c3 e5
2.e4 a6
3.Ng1f3 d6
4.d3 h6
5.Bc1e3 Ng8f6
6.Bf1e2 Bc8g4
7.O-O Nb8c6
8.a3 Bg4h5
9.Nf3h4 Bh5xe2
10.Qd1xe2 Bf8e7
11.Nh4f5 g6
12.Nf5h4 Qd8d7
13.f3 b5
14.g3 Nf6h5
15.Nc3d5 Be7xh4
16.gxh4 Ra8c8
17.b4 Qd7h3
18.Qe2f2 Nc6d8
19.Qf2g2 Qh3xh4
20.Qg2g4 Qh4xg4
21.fxg4 Nh5f4
22.Be3xf4 exf4
23.Nd5f6 Kf8
24.Rf1xf4 Nd8e6
25.Nf6d7 Kg7
26.Rf4f2 Ne6d4
27.Ra1a2 Rh8d8
28.Nd7f6 Nd4e6
29.Nf6d5 Ne6d4
30.Nd5e7 Rc8a8
31.Ra2b2 Nd4e6
32.Ne7c6 Rd8d7
33.Nc6a5 Ne6d4
34.Kg2 f6
35.h3 g5
36.c4 bxc4
37.Na5xc4 d5
38.Nc4e3 Nd4e6
39.Ne3f5 Kg6
40.Kf3 dxe4
41.dxe4 Rd7d3
42.Nf5e3 Ne6f4
43.a4 Nf4xh3
44.Rf2d2 Ra8d8
45.Rd2xd3 Rd8xd3
46.a5 Nh3f4
47.Kf2 h5
48.gxh5 Kxh5
49.Ne3f5 g4
50.Nf5e3 Kh4
51.Ne3f5 Kg5
52.Nf5e3 Nf4e6
53.Ne3d5 c6
54.Nd5b6 Ne6d4
55.Nb6c4 Rd3f3
56.Kg2 Kf4
57.Nc4d2 Rf3e3
58.Nd2c4 Re3c3
59.Nc4b6 Kxe4
60.Nb6a4 f5
61.Na4c5 Ke3
62.Kg3 Nd4e2
63.Kh4 g3
64.Kh3 f4
65.Nc5xa6 f3
66.b5 g2
67.b6 g1Q
68.Na6b4 Qg1g3

0-1

[Event "Tourn. n9774"]
[Site "www.chess-mail.com"]
[Date "2018.05.30"]
[Round "1"]
[White "Drawlward"]
[Black "Virgil08bv"]
[WhiteElo "2550"]
[BlackElo "2429"]
[Result "1-0"]
[Round "1"]
1.e4 d6
2.d4 Ng8f6
3.Nb1c3 g6
4.Ng1f3 Bf8g7
5.Bf1e2 O-O
6.O-O c6
7.a4 Nb8d7
8.Bc1e3 Qd8c7
9.Nf3d2 e5
10.d5 cxd5
11.exd5 a6
12.Nd2c4 b6
13.Qd1d2 Bc8b7
14.b3 Nf6e8
15.f3 f5
16.Ra1e1 Ne8f6
17.g4 Ra8e8
18.gxf5 gxf5
19.Kh1 Rf8f7
20.Rf1g1 Kh8
21.Rg1g2 f4
22.Be3f2 Re8g8
23.Re1g1 Bg7f8
24.Rg2xg8 Nf6xg8
25.Be2f1 Bf8e7
26.Bf1h3 Ng8f6
27.Bh3e6 Rf7g7
28.Rg1xg7 Kxg7
29.Bf2h4 Nd7f8
30.Bh4xf6 Kxf6
31.Nc3e4 Kg7
32.Qd2g2 Nf8g6
33.h4 b5
34.h5 bxc4
35.hxg6 h6
36.Qg2h3 Qc7d8
37.bxc4 Qd8f8
38.Qh3h5 Be7f6
39.Kg2 a5
40.c5 dxc5
41.c4 Qf8e7
42.Qh5f5 Qe7f8
43.Qf5xf6 Qf8xf6
44.Ne4xf6 Kxf6
45.d6 Bb7c6
46.d7 Bc6xd7
47.Be6xd7 Kxg6
48.Bd7c6 Kg5
49.Kh3 Kh5
50.Bc6d7 Kg5
51.Bd7g4 Kf6
52.Kh4 Kg6
53.Bg4d7 Kf6
54.Bd7c6 Kg6
55.Bc6e4 Kf7
56.Kh5 Kg7
57.Be4d3 { resign }
1-0

[Event "Match"]
[Site "www.echecsemail.com"]
[Date "2018.05.30"]
[Round "1"]
[White "Hundegana"]
[Black "Juheset"]
[WhiteElo "2060"]
[BlackElo "1809"]
[Result "1-0"]
[Round "1"]
1.e4 Ng8f6
2.e5 Nf6d5
3.c4 Nd5b4
4.a3 Nb4c6
5.Ng1f3 b6
6.d4 d5
7.exd6 cxd6
8.d5 Nc6a5
9.b4 Na5b7
10.h3 Bc8f5
11.Nf3h4 Bf5d7
12.Bf1d3 g6
13.Bc1b2 Rh8g8
14.Nb1d2 e5
15.dxe6 Bd7xe6
16.Qd1f3 Qd8e7
17.Bb2f6 Qe7c7
18.Ra1c1 Nb8d7
19.Nd2e4 Bf8h6
20.Rc1c2 Nd7e5
21.Bf6xe5 dxe5
22.Ne4f6 Ke7
23.Nf6xg8 Ra8xg8
24.O-O f5
25.Qf3d1 e4
26.Bd3e2 Nb7d6
27.c5 Nd6b5
28.Be2xb5 Be6b3
29.Qd1d6 Qc7xd6
30.cxd6 Kxd6
31.Rc2c6 Ke5
32.f3 Bb3d5
33.Rc6c7 g5
34.Rc7xh7 Bh6f8
35.fxe4 Bd5xe4
36.Nh4f3 Kf4
37.Nf3d2 Ke3
38.Nd2xe4 Kxe4
39.Rf1e1 Kf4
40.Kf2 g4
41.g3 Kg5
42.h4 Kg6
43.Rh7xa7 { resign }
1-0

[Event "Match"]
[Site "www.echecsemail.com"]
[Date "2018.05.30"]
[Round "1"]
[White "Lug47"]
[Black "Luke1302"]
[WhiteElo "1499"]
[BlackElo "1300"]
[Result "0-1"]
[Round "1"]
1.d4 d5
2.b3 b6
3.Nb1d2 Bc8b7
4.c4 g6
5.Ng1f3 Bf8g7
6.e4 dxe4
7.Nd2xe4 Bb7xe4
8.Bf1d3 Be4xf3
9.Qd1xf3 c6
10.O-O Bg7xd4
11.Ra1b1 Qd8d7
12.Rf1d1 Bd4c5
13.Bc1b2 Nb8a6
14.Bb2xh8 f5
15.b4 Na6xb4
16.Bd3e2 b5
17.Rd1d2 Qd7xd2
18.Rb1d1 Qd2xa2
19.h3 Qa2c2
20.cxb5 Ra8d8
21.Rd1xd8 Kxd8
22.bxc6 Ng8h6
23.c7 Kxc7
24.Qf3f4 Bc5d6
25.Qf4e3 Qc2b1
26.Be2f1 g5
27.Qe3c3 Nb4c6
28.Qc3g7 Nc6a5
29.Qg7xh6 Na5c4
30.g3 Nc4d2
31.Bh8c3 Qb1xf1
32.Kh2 Nd2f3

0-1

[Event "Match"]
[Site "www.echecsemail.com"]
[Date "2018.05.30"]
[Round "1"]
[White "Tonino1"]
[Black "Ericleo1980"]
[WhiteElo "1950"]
[BlackElo "2170"]
[Result "1/2-1/2"]
[Round "1"]
1.d4 d5
2.f4 Bc8g4
3.Ng1f3 Bg4xf3
4.exf3 Ng8f6
5.Bf1d3 e6
6.O-O c5
7.c3 Nb8c6
8.Bc1e3 cxd4
9.cxd4 Qd8b6
10.Qd1b3 Qb6xb3
11.axb3 a6
12.Rf1c1 Kd7
13.Nb1c3 Nc6b4
14.Bd3e2 Bf8d6
15.Nc3a4 Ke7
16.Na4b6 Ra8d8
17.g3 Nf6d7
18.Nb6xd7 Kxd7
19.Be3d2 Rd8c8
20.Rc1c3 Nb4c6
21.Bd2e3 Bd6b4
22.Rc3c2 Nc6xd4
23.Rc2xc8 Nd4xe2
24.Kf2 Rh8xc8
25.Kxe2 Rc8c2
26.Kf1 Rc2xh2
27.Be3d4 Rh2h1
28.Bd4g1 Bb4c5
29.Kg2 Rh1xg1
30.Ra1xg1 Bc5xg1
{ draw }
1/2-1/2

[Event "Match"]
[Site "www.echecsemail.com"]
[Date "2018.05.30"]
[Round "1"]
[White "Juheset"]
[Black "Joseph1983"]
[WhiteElo "2010"]
[BlackElo "2160"]
[Result "0-1"]
[Round "1"]
1.Ng1f3 d5
2.e4 dxe4
3.Nf3g5 Bc8f5
4.Nb1c3 Ng8f6
5.Bf1c4 e6
6.f3 exf3
7.Qd1xf3 c6
8.d3 Bf5g4
9.Qf3e3 h6
10.Ng5e4 Nb8d7
11.O-O Bf8e7
12.h3 Bg4h5
13.Ne4xf6 Nd7xf6
14.b3 b5
15.Nc3xb5 cxb5
16.Bc4xb5 Kf8
17.Bc1b2 Qd8b6
18.Qe3xb6 axb6
19.g4 Bh5g6
20.Kg2 Ra8c8
21.c3 Nf6d5
22.Ra1c1 Nd5e3
23.Kg1 Ne3xf1
24.Rc1xf1 h5
25.gxh5 Rh8xh5
26.Kg2 Rh5xb5
{ resign }
0-1

[Event "Match"]
[Site "www.echecsemail.com"]
[Date "2018.05.30"]
[Round "1"]
[White "Juheset"]
[Black "Aiko1603"]
[WhiteElo "1809"]
[BlackElo "2130"]
[Result "0-1"]
[Round "1"]
1.Ng1f3 c5
2.d4 cxd4
3.Nf3xd4 Nb8c6
4.Nd4xc6 bxc6
5.g3 g6
6.Nb1c3 Bf8g7
7.Nc3e4 Qd8a5
8.c3 Qa5e5
9.Bf1g2 Ng8f6
10.f4 Qe5c7
11.Ne4xf6 Bg7xf6
12.e4 d6
13.Bc1e3 O-O
14.O-O Bc8a6
15.Rf1e1 Ra8d8
16.Be3d4 e5
17.Bd4e3 c5
18.Qd1f3 Bf6g7
19.fxe5 Bg7xe5
20.Be3f4 f6
21.Bf4xe5 fxe5
22.Qf3e3 Rf8f6
23.Bg2f1 Ba6xf1
24.Re1xf1 Rd8f8
25.Rf1xf6 Rf8xf6
26.Ra1f1 Rf6xf1
27.Kxf1 Qc7f7
28.Qe3f2 Qf7xa2
29.Kg2 Kg7
30.h4 Qa2c4
31.Kf3 a5
32.g4 Qc4d3
33.Qf2e3 Qd3xe3
34.Kxe3 Kf6
35.g5 Ke6
36.b3 d5
37.exd5 Kxd5
38.c4 Kd6
39.Ke4 Ke6
40.Ke3 Kf5
41.Kf3 e4
42.Ke3 Ke5
43.Kf2 Kd4
44.Ke2 e3
{ resign }
0-1

[Event "Tourn. n9814"]
[Site "www.echecsemail.com"]
[Date "2018.05.30"]
[Round "1"]
[White "Jazzy"]
[Black "Coolant"]
[WhiteElo "2290"]
[BlackElo "2340"]
[Result "0-1"]
[Round "1"]
1.Ng1f3 e6
2.b3 f5
3.Bc1b2 Ng8f6
4.e3 d5
5.Bf1e2 Bf8d6
6.Nf3e5 Nb8d7
7.d4 O-O
8.O-O c5
9.Nb1d2 Qd8c7
10.f4 Nf6e4
11.Nd2f3 Nd7f6
12.c3 Bc8d7
13.Ra1c1 a5
14.Ne5xd7 Nf6xd7
15.Nf3e5 Nd7xe5
16.dxe5 Bd6e7
17.a4 c4
18.Kh1 cxb3
19.Rf1f3 Qc7b6
20.c4 Rf8d8
21.Bb2d4 Be7c5
22.Rf3f1 dxc4
23.Be2f3 Bc5xd4
24.exd4 Rd8xd4
25.Qd1e2 b2
26.Rc1b1 c3
27.Bf3xe4 Rd4xe4
28.Qe2c2 Ra8c8
29.Rb1e1 Qb6b4
{ resign }
0-1

[Event "Match"]
[Site "www.echecsemail.com"]
[Date "2018.05.30"]
[Round "1"]
[White "Lug47"]
[Black "Caspito"]
[WhiteElo "1569"]
[BlackElo "1920"]
[Result "0-1"]
[Round "1"]
1.d4 Ng8f6
2.Ng1f3 g6
3.Nb1c3 d5
4.e4 dxe4
5.Nc3xe4 Nf6xe4
6.Bf1d3 Bc8f5
7.O-O Bf8g7
8.Rf1e1 O-O
9.Nf3g5 Ne4xf2
10.Qd1f3 Nf2xd3
11.cxd3 Qd8xd4
12.Bc1e3 Qd4xd3
13.Ra1d1 Qd3a6
14.h3 c6
15.h4 h5
16.a4 Qa6xa4
17.Be3c5 Bg7f6
18.Bc5xe7 Bf6xe7
19.Re1xe7 Qa4xh4
20.Re7e8 Rf8xe8
21.g3 Qh4xg5
22.Rd1f1 h4
23.Qf3d3 Bf5xd3
{ resign }
0-1

[Event "Tourn. n9814"]
[Site "www.echecsemail.com"]
[Date "2018.05.30"]
[Round "1"]
[White "Fegatux"]
[Black "Marbachess"]
[WhiteElo "2310"]
[BlackElo "2550"]
[Result "0-1"]
[Round "1"]
1.d4 f5
2.Nb1c3 d5
3.Bc1g5 c6
4.e3 g6
5.h4 Bf8g7
6.h5 h6
7.Bg5f4 g5
8.Bf4xb8 Ra8xb8
9.Bf1d3 Ng8f6
10.Ng1e2 O-O
11.Ne2g3 Nf6g4
12.Ng3xf5 Bc8xf5
13.Bd3xf5 Ng4xf2
14.Bf5e6 Kh8
15.Qd1e2 Nf2xh1
16.O-O-O Nh1g3
{ resign }
0-1

[Event "Match"]
[Site "www.echecsemail.com"]
[Date "2018.05.30"]
[Round "1"]
[White "Bojan"]
[Black "Mitja"]
[WhiteElo "1990"]
[BlackElo "2000"]
[Result "1-0"]
[Round "1"]
1.b4 d5
2.e3 e6
3.a3 Qd8f6
4.Ra1a2 c6
5.Bc1b2 Qf6d8
6.c4 dxc4
7.Bf1xc4 Ng8f6
8.h3 Nb8d7
9.f4 Nf6e4
10.Qd1f3 Qd8h4
11.Ke2 Ne4g3
12.Kd1 Ng3xh1
13.Ng1e2 Nd7b6
14.Bc4b3 Nh1f2
15.Kc2 Nf2h1
16.d3 Bc8d7
17.Nb1d2 Nh1f2
18.Bb2d4 Nf2xd3
19.Kxd3 Qh4d8
20.Qf3g3 f6
21.Kc2 Nb6d5
22.e4 Nd5e7
23.Kc1 Ne7g6
24.Qg3f3 Qd8c8
25.Ra2c2 Qc8d8
26.Qf3h5 Qd8c8
27.Ne2g3 Kd8
28.Nd2f3 Ng6xf4
29.Qh5f7 Nf4g6
30.Ng3h5 Bd7e8
31.Bd4xf6 gxf6
32.Rc2d2 Be8d7
33.Nh5xf6 Ng6e7
34.Qf7xe6 Bf8h6
35.Qe6e5 Bh6xd2
36.Kxd2 Qc8c7
37.Qe5d4 b6
38.Bb3e6 Kc8
39.Be6xd7 Kb7
40.e5 Rh8d8
41.e6 Rd8xd7
42.exd7 Ra8d8
43.Nf3e5 Ne7g6
44.Ne5f7 Rd8xd7
45.Nf6xd7 Qc7f4
46.Qd4xf4 Ng6xf4
47.Nd7f6 Nf4xg2
48.Nf6xh7 Kc7
49.Nh7g5 Kd7
50.Ke2 Ng2f4
51.Ke3 Nf4d5
52.Kd4 Nd5f6
53.Ke5 Ke7
54.Nf7h6 Nf6d7
55.Kf5 Kd6
56.Nh6f7 Kd5
57.h4 c5
58.h5 c4
59.Ng5e4 Nd7f8
60.Nf7e5 Nf8h7
61.h6 Nh7f8
62.Ne4c3 Kd4
63.Nc3b5 Kd5
64.Ne5f3 a6
65.Nb5c3 Kd6
66.Kf6 b5
67.Kf7 Nf8e6
68.h7 { resign }
1-0

[Event "Match"]
[Site "www.echecsemail.com"]
[Date "2018.05.30"]
[Round "1"]
[White "Juheset"]
[Black "Ericleo1980"]
[WhiteElo "1809"]
[BlackElo "2190"]
[Result "0-1"]
[Round "1"]
1.e3 d5
2.d4 Ng8f6
3.c4 c6
4.c5 b6
5.cxb6 axb6
6.Nb1c3 Nb8d7
7.b4 e5
8.Ng1e2 Bf8xb4
9.Bc1b2 Bc8a6
10.a3 Bb4a5
11.g3 Nf6e4
12.f3 Ba6xe2
13.Qd1b3 Ba5xc3
14.Bb2xc3 Ne4xc3
15.Qb3xc3 Be2xf1
16.Rh1xf1 Qd8f6
17.dxe5 Nd7xe5
18.Ke2 O-O
19.g4 Ne5xg4
{ resign }
0-1

[Event "Tourn. n9814"]
[Site "www.echecsemail.com"]
[Date "2018.05.30"]
[Round "1"]
[White "Coolant"]
[Black "Fegatux"]
[WhiteElo "2340"]
[BlackElo "2300"]
[Result "1-0"]
[Round "1"]
1.e4 e5
2.Ng1f3 Nb8c6
3.Bf1b5 Ng8f6
4.O-O Nf6xe4
5.Rf1e1 Ne4d6
6.Bb5xc6 dxc6
7.Re1xe5 Bc8e6
8.Nb1c3 Bf8e7
9.Nf3d4 Qd8d7
10.Nd4xe6 fxe6
11.Qd1e2 O-O-O
12.Re5xe6 Be7f6
13.d3 Rd8e8
14.Re6xe8 Rh8xe8
15.Bc1e3 Bf6xc3
16.bxc3 Nd6f5
17.Ra1e1 Nf5xe3
18.fxe3 Qd7e6
19.c4 g6
20.e4 Qe6e5
21.Qe2f2 b6
22.c5 Re8d8
23.cxb6 axb6
24.Qf2f7 Qe5c5
25.Qf7f2 Qc5a3
26.e5 Rd8f8
27.Qf2h4 Qa3c5
28.d4 Qc5xc2
29.e6 Qc2xa2
30.e7 Rf8e8
31.Qh4h3 Kb7
32.Qh3d7 Qa2f7
33.Re1e6 g5
34.Re6xc6 Re8c8
35.Rc6e6 Rc8e8
36.d5 Qf7h5
37.Re6e1 Qh5f7
38.d6 { resign }
1-0

[Event "Tourn. n9823"]
[Site "www.echecsemail.com"]
[Date "2018.05.30"]
[Round "1"]
[White "Tonino1"]
[Black "Juheset"]
[WhiteElo "2060"]
[BlackElo "2059"]
[Result "1-0"]
[Round "1"]
1.d4 e5
2.dxe5 f6
3.e3 g6
4.exf6 Qd8xf6
5.Ng1f3 Nb8c6
6.c3 Bf8c5
7.Bf1d3 d5
8.O-O b6
9.Nb1d2 Nc6e5
10.Nf3xe5 Qf6xe5
11.Bd3b5 Bc8d7
12.Qd1a4 Bd7xb5
13.Qa4xb5 Kd8
14.Nd2f3 Qe5d6
15.b4 Bc5xb4
16.Qb5xb4 Qd6xb4
17.cxb4 Ng8e7
18.Nf3e5 Rh8f8
19.b5 a6
20.Bc1a3 axb5
21.Ne5c6 Ne7xc6
22.Ba3xf8 Nc6e5
23.Rf1d1 c6
24.e4 Ke8
25.Bf8g7 Ne5c4
26.exd5 cxd5
27.Rd1xd5 Nc4a3
28.Ra1e1 Kf7
29.Rd5d7 Kg8
30.Re1e7 Ra8c8
31.Bg7h6 Rc8c2
32.Rd7d8 { resign }
1-0

[Event "Tourn. n9847"]
[Site "www.echecsemail.com"]
[Date "2018.05.30"]
[Round "1"]
[White "Mitja"]
[Black "Bojan"]
[WhiteElo "2030"]
[BlackElo "2010"]
[Result "1/2-1/2"]
[Round "1"]
1.d4 d5
2.e3 Nb8c6
3.c3 Ng8f6
4.h3 Bc8f5
5.Qd1f3 Bf5e4
6.Qf3d1 Qd8d7
7.Ng1f3 h6
8.Bf1d3 Nc6a5
9.Bd3xe4 Nf6xe4
10.Nb1d2 Qd7f5
11.Qd1a4 Na5c6
12.Nd2xe4 dxe4
13.Nf3d2 a6
14.Qa4c2 Qf5g5
15.O-O f5
16.f4 Qg5f6
17.Nd2c4 b6
18.b3 e6
19.Nc4e5 Nc6xe5
20.dxe5 Qf6f7
21.Bc1b2 Bf8c5
22.Qc2e2 Bc5e7
23.Qe2c4 c5
24.Ra1d1 Ra8a7
25.Qc4e2 g5
26.g3 Qf7g7
27.Kf2 Qg7g6
28.Rf1g1 gxf4
29.gxf4 Be7h4
30.Kf1 Qg6f7
31.Rd1d6 b5
32.c4 b4
33.a3 a5
34.a4 Bh4d8
35.Qe2d2 Bd8e7
36.Rd6b6 Ra7d7
37.Qd2e2 Be7d8
38.Rb6b5 Qf7e7
39.Bb2c1 Rd7b7
40.Rb5xb7 Qe7xb7
41.Qe2h5 Kf8
42.Rg1g6 Qb7f7
43.Bc1d2 Rh8h7
44.Bd2e1 Bd8e7
{ draw }
1/2-1/2

[Event "Tourn. n9841"]
[Site "www.echecsemail.com"]
[Date "2018.05.30"]
[Round "1"]
[White "Bojan"]
[Black "Fantomas"]
[WhiteElo "2010"]
[BlackElo "2100"]
[Result "1-0"]
[Round "1"]
1.e4 e5
2.Ng1f3 Nb8c6
3.d4 exd4
4.Nf3xd4 Qd8f6
5.Bc1e3 a6
6.c3 Ng8e7
7.f4 d6
8.g3 Bc8d7
9.Nb1d2 Ne7g6
10.Nd2f3 O-O-O
11.Qd1b3 Nc6b8
12.Bf1c4 Bd7e8
13.O-O-O Rd8d7
14.Nd4e2 c5
15.e5 dxe5
16.Rd1xd7 Nb8xd7
17.Bc4d5 Nd7b6
18.Bd5e4 Be8a4
19.fxe5 Ng6xe5
20.Be3g5 Qf6d6
21.Be4f5 Kb8
22.Bg5f4 f6
23.Qb3e6 Qd6xe6
24.Bf5xe6 Bf8d6
25.Nf3xe5 fxe5
26.Bf4e3 Rh8f8
27.b3 Ba4c6
28.Rh1d1 Kc7
29.Ne2g1 Nb6d5
30.Be6xd5 Bc6d7
31.Kd2 b5
32.h3 Rf8f6
33.Kd3 Bd7f5
34.Bd5e4 g6
35.Be3g5 Rf6f7
36.Rd1d2 Bf5e6
37.Ke2 c4
38.b4 Rf7f8
39.g4 Be6d7
40.Ng1f3 Rf8e8
41.Ke3 Bd7c8
42.Be4d5 Bd6e7
43.Bg5xe7 Re8xe7
44.Ke4 h5
45.gxh5 Bc8f5
46.Ke3 gxh5
47.h4 Kd6
48.Bd5e4 Ke6
49.Nf3g5 { resign }
1-0

[Event "Tourn. n9849"]
[Site "www.echecsemail.com"]
[Date "2018.05.30"]
[Round "1"]
[White "Piekki"]
[Black "Fantomas"]
[WhiteElo "2250"]
[BlackElo "2110"]
[Result "1-0"]
[Round "1"]
1.e4 e5
2.Ng1f3 d6
3.d4 exd4
4.Nf3xd4 g6
5.Bf1c4 Qd8e7
6.O-O Nb8d7
7.Nb1c3 Bf8g7
8.Nc3d5 Qe7d8
9.Nd4b5 { resign }
1-0

[Event "Tourn. n9816"]
[Site "www.echecsemail.com"]
[Date "2018.05.30"]
[Round "1"]
[White "Juheset"]
[Black "Pablincho"]
[WhiteElo "1969"]
[BlackElo "1809"]
[Result "0-1"]
[Round "1"]
1.e3 e6
2.c4 Bf8c5
3.Ng1f3 Ng8f6
4.d3 Nb8c6
5.Bc1d2 O-O
6.Bd2c3 a6
7.Nb1d2 b5
8.cxb5 axb5
9.d4 b4
10.dxc5 bxc3
11.bxc3 h6
12.Bf1d3 d5
13.cxd6 cxd6
14.Nd2e4 Nf6d5
15.Qd1c2 f5
16.Ne4d2 Qd8c7
17.O-O Nc6e7
18.g3 Qc7xc3
19.Qc2xc3 Nd5xc3
20.a3 d5
21.Nf3e5 Nc3a4
22.Rf1c1 Na4b2
23.Bd3b5 Ra8a5
24.Bb5e2 Nb2a4
25.f4 Ra5a7
26.Be2b5 Ra7a5
27.Bb5xa4 Ra5xa4
28.Ne5d3 g5
29.fxg5 hxg5
30.Nd2f3 g4
31.Nf3e5 Bc8a6
32.Nd3c5 Ra4a5
33.Nc5xa6 Ra5xa6
34.Rc1c7 Ne7c8
35.Ra1c1 Nc8d6
36.Rc7c6 Ra6xc6
37.Rc1xc6 Nd6f7
38.Ne5xf7 Kxf7
39.Rc6c7 Kf6
40.Rc7a7 Rf8h8
41.a4 Ke5
42.Kg2 Ke4
43.Ra7a6 Rh8h6
44.a5 Kxe3
45.Ra6b6 Kd4
46.a6 Rh6h8
47.Kg1 e5
48.a7 Rh8a8
49.Rb6a6 e4
50.Kf2 Kc5
51.Ra6a5 Kd4
52.Ke2 Kc4
53.Ke3 d4
54.Kf4 e3
55.Kxf5 e2
56.Ra5e5 d3
57.Kxg4 Ra8xa7
58.Kf3 Ra7f7
59.Kg2 Rf7f1
60.Re5e4 Kc3
61.h4 e1Q
62.Re4xe1 Rf1xe1
63.h5 d2
64.g4 d1Q
65.h6 Re1e3
{ resign }
0-1